| 000 | 01474naa a22003257a 4500 | ||
|---|---|---|---|
| 001 | BR9603242 | ||
| 003 | BR-BrBNA | ||
| 005 | 20240918181831.0 | ||
| 007 | ta | ||
| 008 | 230509b bl.||||| |||| 00| 0 por d | ||
| 040 |
_aBR-BrBNA _bpor _cBiblioteca Nacional de Agricultura |
||
| 041 | _a(Pt) | ||
| 072 |
_aK10 _b3288 _b3290 |
||
| 090 | _aK10 BR9603242 | ||
| 100 | 1 | _aDavide, A.C. | |
| 100 | 1 | _aScolforo, J.R.S. | |
| 100 | 1 | _aPrado, N.J.S. | |
| 100 | 1 | _aFaria, J.M.R. | |
| 111 | 1 |
_a1. Congresso Florestal Panamericano7. Congresso Florestal Brasileiro _cCuritiba, PR (Brazil) _d19-24 Sep 1993 |
|
| 245 | 1 | _aComportamento de seis especies florestais em area de deplecao da usina hidreletrica de Camorgos - MG | |
| 260 | 3 |
_aCuritiba, PR (Brasil): _c1993. |
|
| 500 | _aAnais do 1. Congresso Florestal Panamericano e 7. Congresso Florestal Brasileiro. Floresta para o desenvolvimento: politica, ambiente, tecnologia e mercado. Trabalhos voluntarios e posters Curitiba, PR (Brasil): 1993. v. 2 p. 412-414 (BR9603242-AM)K10 | ||
| 650 | _aInga | ||
| 650 | _aSalgueiro Branco | ||
| 650 | _aReflorestamento | ||
| 650 | _aMinas Gerais | ||
| 773 | 0 |
_tAnais do 1. Congresso Florestal Panamericano e 7. Congresso Florestal Brasileiro. Floresta para o desenvolvimento: politica, ambiente, tecnologia e mercado. Trabalhos voluntarios e posters _wK10 BR9603242 _gCuritiba, PR (Brasil), 1993. v. 2 p. 412-414 |
|
| 909 |
_a202404 _bLucia _c55 _dLucia Elande |
||
| 942 |
_cAM _2AGRIS |
||
| 999 |
_c327068 _d327068 |
||